Batters and Breadings /

Se aborda el procesamiento de diversos alimentos en los que con productos derivados de harinas de cereales se fríen en aceites y se forma una capa lo que en cocina d se llama el empanizado, además se abordan las masas preelaboradas de diversos cereales que se preparan como alimentos.

-д хадгалсан:
Номзүйн дэлгэрэнгүй
Үндсэн зохиолч: Kulp, Karel (ed.)
Бусад зохиолчид: Loewe, Robert (edición) (edición)
Формат: Ном
Хэл сонгох:англи
Хэвлэсэн: Minnesota, EUA : American Association of Cereal Chemists, 1996, c1990
Нөхцлүүд:
Шошгууд: Шошго нэмэх
Шошго байхгүй, Энэхүү баримтыг шошголох эхний хүн болох!

MARC

LEADER 00000nam^a2200000^a^4500
001 000184350
005 20250521000000.0
009 20260310102112.497
020 |a 0-913250-69-4 
037 |a Acervo ITESO - Biblioteca 
041 |a ING 
082 |a 664. 75  |b KUL 
100 |a Kulp, Karel  |e (ed.) 
245 1 0 |a Batters and Breadings /  |c Ed. de K. Kulp, R. Loewe. 
264 4 |a Minnesota, EUA :  |b American Association of Cereal Chemists,  |c 1996, c1990 
300 |a 276 p. 
336 |a texto  |b txt  |2 rdacontenido 
337 |a sin mediación  |b n  |2 rdamedio 
338 |a volumen  |b nc  |2 rdasoporte 
520 |a Se aborda el procesamiento de diversos alimentos en los que con productos derivados de harinas de cereales se fríen en aceites y se forma una capa lo que en cocina d se llama el empanizado, además se abordan las masas preelaboradas de diversos cereales que se preparan como alimentos. 
649 |a XX 
650 |a Masas Preelaboradas (Comida) 
650 |a Cereales Procesados 
650 |a Botanas y Frituras -  |x Industria y Comercio 
650 |a Industria Alimenticia 
650 |a Tecnología de Alimentos 
700 |a Loewe, Robert  |e (edición) 
910 |a Fondo General 
920 |a Impresos - Libros 
930 |a Colección General 
905 |a 101 
901 |a 0500125056  |b IT1  |c ACC  |u 20250521 
902 |a https://opac.biblio.iteso.mx/vufind/Record/000184350